01007nam a2200229 a 4500001001000000003000500010005001700015008004100032010001100073011001100084040000900095100003500104245023400139260004100373500006000414502007500474650003600549650005000585650003700635650003500672856007000707000115110CHAP20250926062752.0181010s2018 mx a sm |||||||spa d a111571 a112543 cCHAP1 aPeña Aguilar, Marco Antonio.10aDinámica poblacional de plantas y tallos de ballico perenne (Lolium perenne L.) solo y asociado con pasto ovillo (Dactylis glomerata L.) y trébol blanco (Trifolium repens L.) /h[En línea]cpor Marco Antonio Peña Aguilar. aChapingo, Méx. :bEl autor,c2018. aPara ver el contenido del material haga clic en la liga aTesis (Ing. Agr. Esp. en Zootecnia) -- UACH. Departamento de Zootecnia14aPastos forrajerosxCrecimiento.14aPastos forrajerosxEfecto del medio ambiente.17aPastos forrajerosxRendimiento214aPastos forrajerosxVariedades. aFinding aiduhttp://10.13.5.2/tesis/sist115110.pdfzTeclea aquí